000
00330nam a2200145Ia 4500
008
240112s2019 xx 000 0 und d
022
_a
0090-0036
041
_a
eng
082
_a
614
100
_a
PARMELA M.
245
_a
AMERCIAN JOU. OF PUBLIC HEALTH
260
_b
APHA
_c
2019
300
_a
640
_c
JAN-APR
440
_v
109
999
_c
1146122
_d
1146122